Select All Countries That... - Statistics

General Stats
  • This quiz has been taken 1,103 times
  • The average score is 68 of 80
Answer Stats
Question Tile Select % Correct
Countries in Africa Indonesia No
98%
Countries that Speak Majority Spanish Monaco No
97%
Countries in Africa Montenegro No
97%
Countries in Africa Nepal No
97%
Countries that Speak Majority Spanish Portugal No
97%
Countries in Africa Sri Lanka No
97%
Countries that Speak Majority Spanish United States No
97%
Countries in Africa Chad Yes
96%
Countries whose Capitals start with B Japan No
96%
Countries in Africa Nigeria Yes
96%
Countries in Africa Papua New Guinea No
96%
Countries bordering the Mediterranean Sea Switzerland No
96%
Countries that Speak Majority Spanish Argentina Yes
95%
Countries that Speak Majority Spanish Brazil No
95%
Countries whose Capitals start with B Canada No
95%
Countries bordering the Mediterranean Sea Germany No
95%
Countries in Africa Jordan No
95%
Countries in Africa Liberia Yes
95%
Countries in Africa Madagascar Yes
95%
Countries that Speak Majority Spanish Morocco No
95%
Countries in Africa Namibia Yes
95%
Countries whose Capitals start with B Norway No
95%
Countries in Africa Somalia Yes
95%
Countries bordering the Mediterranean Sea Sudan No
95%
Countries in Africa Suriname No
95%
Countries that Speak Majority Spanish Colombia Yes
94%
Countries in Africa Egypt Yes
94%
Countries whose Capitals start with B Kuwait No
94%
Countries in Africa Yemen No
94%
Countries that Speak Majority Spanish Chile Yes
93%
Countries whose Capitals start with B Montenegro No
93%
Countries with a Population over 100,000,000 United States Yes
93%
Countries bordering the Mediterranean Sea Greece Yes
92%
Countries bordering the Mediterranean Sea Iraq No
92%
Countries bordering the Mediterranean Sea Italy Yes
92%
Countries that Speak Majority Spanish Peru Yes
92%
Countries whose Capitals start with B Samoa No
92%
Countries in Africa Cape Verde Yes
91%
Countries whose Capitals start with B Honduras No
91%
Countries whose Capitals start with B Lesotho No
90%
Countries bordering the Mediterranean Sea Malta Yes
90%
Countries bordering the Mediterranean Sea Serbia No
90%
Countries whose Capitals start with B China Yes
89%
Countries bordering the Mediterranean Sea Egypt Yes
88%
Countries with a Population over 100,000,000 Brazil Yes
87%
Countries with a Population over 100,000,000 Canada No
87%
Countries whose Capitals start with B Argentina Yes
86%
Countries that Speak Majority Spanish Philippines No
86%
Countries with a Population over 100,000,000 Saudi Arabia No
86%
Countries whose Capitals start with B Thailand Yes
86%
Countries bordering the Mediterranean Sea Tunisia Yes
86%
Countries with a Population over 100,000,000 Argentina No
85%
Countries that Speak Majority Spanish Dominican Republic Yes
85%
Countries that Speak Majority Spanish Nicaragua Yes
85%
Countries with a Population over 100,000,000 Russia Yes
85%
Countries whose Capitals start with B Switzerland Yes
85%
Countries with a Population over 100,000,000 France No
84%
Countries with a Population over 100,000,000 Indonesia Yes
84%
Countries with a Population over 100,000,000 South Korea No
84%
Countries with a Population over 100,000,000 South Africa No
83%
Countries that Speak Majority Spanish Barbados No
81%
Countries with a Population over 100,000,000 Mexico Yes
81%
Countries bordering the Mediterranean Sea San Marino No
81%
Countries with a Population over 100,000,000 Japan Yes
80%
Countries with a Population over 100,000,000 Pakistan Yes
80%
Countries bordering the Mediterranean Sea Bulgaria No
78%
Countries that Speak Majority Spanish Guyana No
78%
Countries whose Capitals start with B Iraq Yes
77%
Countries bordering the Mediterranean Sea Jordan No
77%
Countries with a Population over 100,000,000 Turkey No
77%
Countries bordering the Mediterranean Sea Lebanon Yes
74%
Countries whose Capitals start with B Azerbaijan Yes
70%
Countries bordering the Mediterranean Sea Bosnia and Herzegovina Yes
62%
Countries with a Population over 100,000,000 Ethiopia Yes
60%
Countries whose Capitals start with B Belize Yes
59%
Countries bordering the Mediterranean Sea Slovenia Yes
57%
Countries with a Population over 100,000,000 Egypt No
44%
Countries that Speak Majority Spanish Equatorial Guinea Yes
44%
Countries that Speak Majority Spanish Andorra Yes
42%
Countries whose Capitals start with B Gambia Yes
38%
No matching quizzes found
Score Distribution
Percent of People with Each Score
Percentile by Number Answered
Your Score History
You have not taken this quiz